Internetom podporované spracovanie vybraných prednášok z TAR1 (frekvenčné charakteristiky)

Gespeichert in:
Bibliographische Detailangaben
1. Verfasser: Gajdošík, Daniel, 1989- (Verfasst von)
Weitere Verfasser: Žáková, Katarína (Betreuung Doktorarbeit)
Format: Manuskript Buch
Sprache:Slowakisch
Veröffentlicht: Bratislava : STU v Bratislave FEI, 2011
Schlagworte:
Online-Zugang:VAIS
Tags: Tag hinzufügen
Keine Tags, Fügen Sie das erste Tag hinzu!

MARC

LEADER 00000ntm a22000003a 4500
001 stu230713
005 20211118130153.8
008 110709s2011----xo------------------slo-d
040 |a STU  |b slo 
041 0 |a slo 
044 |a xo 
100 1 |a Gajdošík, Daniel,  |d 1989-  |4 aut  |u E  |T FEI Fakulta elektrotechniky a informatiky  |X 56052  |U E  |Y 30  |7 A000056052 
242 0 0 |a Internet based processing of selected topics from Control Theory (frequency responses)  |y eng 
245 1 |a Internetom podporované spracovanie vybraných prednášok z TAR1 (frekvenčné charakteristiky) 
260 |a Bratislava :  |b STU v Bratislave FEI,  |c 2011 
300 |a 46 s 
650 7 |a priemyselná informatika  |2 stusub 
650 7 |a Industrial Informatics  |2 estusub 
650 7 |a open source  |2 stusub 
650 7 |a web application  |2 estusub 
650 7 |a open source  |2 stusub 
650 7 |a Maxima  |2 stusub 
650 7 |a automatizácia  |2 stusub 
650 7 |a Aplikovaná informatika  |2 stusub 
650 7 |a časové charakteristiky  |2 stusub 
700 1 |a Žáková, Katarína  |4 ths  |u E010  |T FEI Ústav riadenia a priemyselnej informatiky  |X 4948  |U E010  |Y E010  |7 A000004948 
856 4 |a info a plný text  |u http://is.stuba.sk/zp/portal_zp.pl?podrobnosti=56704  |3 VAIS 
996 |b 284ER00606  |c E*Bc-606  |l EE23  |s P  |a 0  |w stu230713_0001